000 00570cam a2200217 4500
999 _c9698
_d9698
001 106052
003 OCoLC
005 20241126110717.0
008 701216s1969 ilu b 001 0 eng
010 _a79013504
020 _a9780884690771
040 _aDLC
_cDLC
_dSER
082 _a236
_bHOY
092 _a236
_bH868E
100 1 _aHoyt, Herman Arthur,
_d1909-
_916856
245 1 4 _aThe end times
_c[by] Herman A. Hoyt
260 _aWinona Lake :
_bBMH books,
_c2012
300 _a256 p.
_c23 cm
650 0 _aEschatology
_xBiblical teaching
_92327
942 _2ddc
_cBK
_05